These Go Together Like Sports Teams...and Clichés Quiz Stats

Quiz Updated Nov 29, 2014

Challenge
Share
Tweet
Embed
Score 0/26 Timer 06:00
4 Plays Today
% Correct
Cardinal
95.1%
Heat
94.1%
Lion
93.3%
Knick
93%
Spur
91.6%
Stars
91.6%
Net
91.2%
Raven
90.8%
National
90.7%
Magic
90.6%
Bear
89.9%
Jet
89.6%
Eagle
89.6%
% Correct
Ram
89.4%
Royal
89.1%
King
88.8%
Buck
88.4%
Ducks
88.4%
Devil
87.7%
Maverick
86.8%
Bill
86.5%
Giant
86.5%
Jazz
86.5%
Shark
86.1%
Bull
83.7%
Twin
77.5%

You're not logged in!

Compare scores with friends on all Sporcle quizzes.
Join for Free
OR
Log In

You Might Also Like...

Show Comments

Extras

Top Quizzes Today


Score Distribution

Your Account Isn't Verified!

In order to create a playlist on Sporcle, you need to verify the email address you used during registration. Go to your Sporcle Settings to finish the process.

Report this User

Report this user for behavior that violates our Community Guidelines.

Details: